The Great cultural revolution in China

Salvato in:
Dettagli Bibliografici
Natura: Libro
Lingua:Undetermined
Pubblicazione: Hong Kong Asia Research Centre 1967
Soggetti:
Tags: Aggiungi Tag
Nessun Tag, puoi essere il primo ad aggiungerne! !
Thư viện lưu trữ: Trung tâm Học liệu Trường Đại học Cần Thơ
LEADER 00454nam a2200169Ia 4500
001 CTU_90385
008 210402s9999 xx 000 0 und d
082 |a 951.05 
082 |b G786 
245 4 |a The Great cultural revolution in China 
260 |a Hong Kong 
260 |b Asia Research Centre 
260 |c 1967 
650 |a Intellectual life 
650 |z China 
904 |i Bằng,Hải 
980 |a Trung tâm Học liệu Trường Đại học Cần Thơ